Biblioteca

Grace to the nations: A history of Grace Baptist Mission 1826-2011 / John McDonald. (Registro nro. 44321)

Detalles MARC
000 -LÍDER
Campo fijo de descripción fija 008330000a22002050004500
041 0# - CÓDIGO DE IDIOMA
Código de idioma para texto/pista de sonido o título separado
082 04 - NÚMERO DE CLASIFICACIÓN DECIMAL DEWEY
Número de clasificación G 266.6 M1351g
001 - NÚMERO DE CONTROL
Campo de control 17671
100 1# - ASIENTO PRINCIPAL--NOMBRE PERSONAL
Nombre personal McDonald, John.
245 10 - TÍTULO
Título del Material Grace to the nations: A history of Grace Baptist Mission 1826-2011 / John McDonald.
260 ## - PUBLICACIÓN, DISTRIBUCIÓN, ETC. (PIE DE IMPRENTA)
Lugar de publicación, distribución, etc. Oxon, England: Grace Baptist Mission.
300 ## - DESCRIPCIÓN FÍSICA
Extensión 192 p.
336 ## - CONTENT TYPE
Content type term texto
Content type code txt
Source rdacontent
337 ## - MEDIA TYPE
Source rdamedia
Media type term sin mediación
Media type code n
338 ## - CARRIER TYPE
Source rdacarrier
Carrier type term volumen
Carrier type code nc
500 ## - NOTA GENERAL
Nota General Contiene tres apéndices relacionados con el personal, los asuntos y los autores que han escrito anteriormente sobre la Grace Baptist Mission.
650 14 - ASIENTO SECUNDARIO DE MATERIA - TERMINO TEMÁTICO
Término temático o nombre geográfico como elemento de entrada IGLESIA BAUTISTA - MISIONES
942 ## - TIPO DE MATERIAL (KOHA)
Tipo de Item KOHA Libros General
Existencias
Estado de Material Estado de Perdido Estado de Dañado No para Préstamo Colección Tomo Biblioteca de Origen Biblioteca Permanente Fecha de Adquisición Total de Préstamos Signatura Topográfica Código de Barras Última vez visto Ejemplar/Existencia Fecha de Remplazo Tipo de Material
        Colección General   Biblioteca FUSBC Biblioteca FUSBC 15/08/2012   G 266.6 M1351g 17638 05/03/2024 1 26/01/2016 Libros General

Biblioteca FUSBC | Teléfono: (57+4) 349 88 10 Ext. 141| WhatsApp (+57) 3005338115 
E-mail: biblioteca@unisbc.edu.co | Calle 76 87-14 Robledo Palenque, Medellín, Colombia

Con tecnología Koha